[Event "4th Al Ain Chess Classic"]
[Site "Al-Ain UAE"]
[Date "2015.12.27"]
[Round "6.18"]
[White "Das, Sayantan"]
[Black "Amin, Bassem"]
[Result "1/2-1/2"]
[WhiteTitle "IM"]
[BlackTitle "GM"]
[WhiteElo "2411"]
[BlackElo "2665"]
[WhiteFideId "5034426"]
[BlackFideId "10601457"]
[EventDate "2015.12.23"]

1. e4 e5 2. Nf3 Nc6 3. Bb5 a6 4. Ba4 Nf6 5. O-O Be7 6. Re1 b5 7. Bb3 d6 8. c3
O-O 9. h3 Nb8 10. d4 Nbd7 11. c4 c6 12. Qc2 Bb7 13. Nc3 h6 14. a3 Re8 15. Ba2
Bf8 16. dxe5 Nxe5 17. Nxe5 dxe5 18. Be3 Nh5 19. Rad1 Qf6 20. cxb5 axb5 21. Rd7
Re7 22. Red1 Nf4 23. Ne2 Nd5 24. Rxe7 Nxe7 25. Bc5 Bc8 26. Rd6 Qg5 27. Ng3 Ng6
28. Rxc6 Bd7 29. Rc7 Qd8 30. Bxf8 Nxf8 31. Bd5 Ra6 32. Rb7 Ne6 33. Bxe6 Bxe6 34.
Rxb5 Rd6 35. Qc5 Rd1+ 36. Kh2 Qd4 37. Nh5 Qxc5 38. Rxc5 Rd2 39. b4 Rxf2 40. Rxe5
g6 41. Ng3 h5 42. Kg1 Ra2 43. Ra5 h4 44. Nf1 Re2 45. e5 Bc4 46. Nh2 Re1+ 47. Kf2
Re2+ 48. Kf3 Ra2 49. e6 fxe6 50. Ng4 Bd5+ 51. Kf4 Bxg2 52. Kg5 Bxh3 53. Kxh4 Bf1
54. a4 Kf8 55. Ne5 Ke7 56. Nxg6+ Kd6 57. Ra8 Bb5 58. a5 Ra4 59. Rd8+ Bd7 60. Rb8
e5 61. Kg3 Ra3+ 62. Kf2 e4 63. Rb6+ Kd5 64. Ne7+ Kc4 65. Rd6 Bb5 66. Nd5 Rf3+
67. Ke2 Kb3+ 68. Ke1 e3 69. Rf6 Rh3 70. Nxe3 Rxe3+ 71. Kf2 Re2+ 72. Kf3 Kxb4 73.
a6 Ra2 74. Ke3 Kc3 75. Rb6 Bxa6 76. Rc6+ Bc4 77. Rc7 Re2+ 78. Kf3 Re1 79. Rd7
Be6 80. Rd6 Kc4 81. Rd2 Bd5+ 82. Kf4 Kc5 83. Rc2+ Kd6 84. Rh2 Rf1+ 85. Ke3 Kc5
86. Rc2+ Bc4 87. Rd2 Re1+ 88. Kf4 Be6 89. Rh2 Kc4 90. Rd2 Bd5 91. Kf5 Be4+ 92.
Kf6 Bd3 93. Kf7 Re3 94. Kf6 Kd5 95. Rd1 Kd6 96. Ra1 Rf3+ 97. Kg5 Be4 98. Kg4 Rf2
99. Ra7 Bd5 100. Kg3 Rf5 101. Ra6+ Ke5 102. Ra5 Rg5+ 103. Kh4 Kf4 104. Ra4+ Kf5
105. Ra5 Rg4+ 106. Kh3 Rd4 107. Kg3 Rd2 108. Rb5 Ke5 109. Ra5 Rg2+ 110. Kh3 Rg7
111. Kh2 Rg5 112. Ra4 Rg7 113. Ra5 Ke4 114. Rb5 Bb7 115. Rb6 Ke3 116. Rf6 Bg2
117. Ra6 Bf3 118. Kh3 Kf2 119. Ra4 Rg1 120. Kh4 Ke3 121. Ra7 Bd5 122. Ra5 Kf4
123. Kh5 Be4 124. Kh6 Rg6+ 125. Kh5 Rg7 126. Ra6 Rh7+ 1/2-1/2

[Event "4th Al Ain Chess Classic"]
[Site "Al-Ain UAE"]
[Date "2015.12.27"]
[Round "6.19"]
[White "Kuzubov, Yuriy"]
[Black "Hayrapetyan, Hovik"]
[Result "1-0"]
[WhiteTitle "GM"]
[BlackTitle "GM"]
[WhiteElo "2640"]
[BlackElo "2489"]
[WhiteFideId "14112906"]
[BlackFideId "13302639"]
[EventDate "2015.12.23"]

1. c4 e6 2. Nc3 d5 3. d4 Nf6 4. cxd5 exd5 5. Bg5 Be7 6. e3 O-O 7. Bd3 c6 8. Qc2
h6 9. Bh4 Re8 10. Nge2 Ne4 11. Bxe7 Qxe7 12. Bxe4 dxe4 13. Ng3 f5 14. O-O Qg5
15. Rae1 h5 16. Qb3+ Be6 17. Qxb7 Nd7 18. Nge2 Nf6 19. b3 h4 20. Nf4 Bf7 21. Rc1
Qh6 22. Qxc6 Rad8 23. Nb5 g5 24. Nh3 Re6 25. Qc5 Rd5 26. Qc8+ Re8 27. Qa6 Re6
28. Rc6 Rxc6 29. Qxc6 a6 30. Nc7 Rd7 31. Rc1 1-0

[Event "4th Al Ain Chess Classic"]
[Site "Al-Ain UAE"]
[Date "2015.12.27"]
[Round "6.20"]
[White "Andriasian, Zaven"]
[Black "Swayams, Mishra"]
[Result "1-0"]
[WhiteTitle "GM"]
[BlackTitle "IM"]
[WhiteElo "2594"]
[BlackElo "2477"]
[WhiteFideId "13302000"]
[BlackFideId "5028183"]
[EventDate "2015.12.23"]

1. e4 e6 2. d4 d5 3. Nc3 Nf6 4. e5 Nfd7 5. f4 c5 6. Nf3 Nc6 7. Be3 Be7 8. Qd2
O-O 9. dxc5 Nxc5 10. O-O-O Qc7 11. Qf2 b6 12. h4 Bb7 13. Kb1 Ne4 14. Nxe4 dxe4
15. Nd4 Rfd8 16. Be2 Nxd4 17. Bxd4 Bc5 18. Bxc5 bxc5 19. h5 h6 20. Qe3 Rxd1+ 21.
Rxd1 Rd8 22. Kc1 Rxd1+ 23. Bxd1 Qa5 24. a3 Bd5 25. g3 Qb5 26. Qe2 Qb6 27. c4 Bb7
28. Bc2 Qc6 29. Qd2 Qb6 30. Qd6 f5 31. b4 cxb4 32. Qxb6 axb6 33. axb4 Kf7 34.
Kd2 Ke7 35. Ke3 Bc6 36. b5 Be8 37. Bd1 Kd8 38. g4 Bf7 39. Kd4 Kc7 40. Be2 Kd7
41. c5 Kc7 42. Bd1 Kb7 43. c6+ Kc7 44. Bb3 fxg4 45. Kxe4 g3 46. Ke3 Bxh5 47.
Bxe6 g2 48. Kf2 Bf3 49. f5 Kd8 50. f6 gxf6 51. exf6 Ke8 52. c7 1-0

[Event "4th Al Ain Chess Classic"]
[Site "Al-Ain UAE"]
[Date "2015.12.27"]
[Round "6.21"]
[White "Gasanov, Eldar"]
[Black "Sengupta, Deep"]
[Result "1-0"]
[WhiteTitle "GM"]
[BlackTitle "GM"]
[WhiteElo "2485"]
[BlackElo "2563"]
[WhiteFideId "14104466"]
[BlackFideId "5008352"]
[EventDate "2015.12.23"]

1. c4 e5 2. Nc3 Nf6 3. Nf3 Nc6 4. e3 Bb4 5. Qc2 Bxc3 6. bxc3 d6 7. e4 O-O 8. g3
h6 9. Bg2 Be6 10. d3 a6 11. a4 Rb8 12. a5 Nd7 13. O-O Ne7 14. Nh4 b5 15. cxb5
Rxb5 16. d4 Bc4 17. Re1 c5 18. Bh3 Bb3 19. Qd2 cxd4 20. cxd4 exd4 21. Nf3 Nc6
22. Nxd4 Nxd4 23. Qxd4 Ne5 24. Bg2 Rxa5 25. Ba3 Re8 26. Bxd6 Nc6 27. Qd3 Ba4 28.
f4 Bb5 29. Qd5 Rxa1 30. Rxa1 Ne7 31. Qc5 Qd7 32. Qa3 Bc6 33. Bc5 Ng6 34. Qb4 Qd3
35. Re1 h5 36. Qd4 Qc2 37. Bb4 h4 38. Bc3 f6 39. Qc4+ Kh7 40. Qxc6 Rb8 41. e5
hxg3 42. hxg3 Rb3 43. Bd4 1-0

[Event "4th Al Ain Chess Classic"]
[Site "Al-Ain UAE"]
[Date "2015.12.27"]
[Round "6.22"]
[White "Pirverdiyev, Agil"]
[Black "Malakhatko, Vadim"]
[Result "0-1"]
[BlackTitle "GM"]
[WhiteElo "2311"]
[BlackElo "2531"]
[WhiteFideId "13400568"]
[BlackFideId "14104202"]
[EventDate "2015.12.23"]

1. e4 c5 2. Nf3 e6 3. d4 cxd4 4. Nxd4 Nc6 5. Nc3 Qc7 6. Be3 a6 7. Qd2 Nf6 8. f3
h5 9. O-O-O Be7 10. Kb1 d6 11. Qe1 b5 12. Nxc6 Qxc6 13. Ne2 e5 14. Bg5 Be6 15.
Bxf6 Bxf6 16. Nc3 Rc8 17. Qf2 O-O 18. Nd5 Bd8 19. g3 Qb7 20. f4 exf4 21. gxf4
Rc5 22. Bg2 Bxd5 23. Rxd5 Rxd5 24. exd5 Bf6 25. Qe2 Qb6 26. Rd1 Qc5 27. Qe4 h4
28. Bf1 g6 29. Be2 Kg7 30. Bg4 Rb8 31. h3 Rb7 32. a3 b4 33. a4 Qa5 34. Qe8 Rc7
35. Bd7 Qc5 36. Bc6 Re7 37. Qc8 b3 0-1

[Event "4th Al Ain Chess Classic"]
[Site "Al-Ain UAE"]
[Date "2015.12.27"]
[Round "6.23"]
[White "Aradhya, Garg"]
[Black "Gopal, G.N."]
[Result "0-1"]
[BlackTitle "GM"]
[WhiteElo "2316"]
[BlackElo "2525"]
[WhiteFideId "25006746"]
[BlackFideId "5015693"]
[EventDate "2015.12.23"]

1. d4 Nf6 2. c4 g6 3. g3 c5 4. Nf3 Bg7 5. Nc3 O-O 6. Bg2 cxd4 7. Nxd4 Nc6 8. O-O
Qa5 9. Nb3 Qh5 10. e4 d6 11. Qxh5 Nxh5 12. Rd1 Bg4 13. f3 Be6 14. Bf1 Rac8 15.
f4 Bxc3 16. bxc3 Nf6 17. Bd3 b6 18. Rb1 Rc7 19. Ba3 Rfc8 20. Re1 Nd7 21. Kf2 f6
22. Ke3 Na5 23. Nxa5 bxa5 24. Bf1 Bxc4 25. Bh3 Bxa2 26. Rbc1 Rxc3+ 27. Kd4 Rxc1
28. Rxc1 Rxc1 29. Bxc1 Nc5 30. Ke3 e5 31. Ba3 Kf7 32. Bf1 Ke7 33. h4 Bb1 34. Bg2
Bc2 35. Kd2 Bxe4 36. Bxc5 Bxg2 37. Bxa7 Ke6 38. g4 exf4 39. Bd4 g5 40. hxg5 fxg5
41. Ke2 a4 42. Bb2 Be4 43. Kf2 Kf7 44. Ba3 d5 0-1

[Event "4th Al Ain Chess Classic"]
[Site "Al-Ain UAE"]
[Date "2015.12.27"]
[Round "6.24"]
[White "Neverov, Valeriy"]
[Black "Mammadov, Zaur"]
[Result "1-0"]
[WhiteTitle "GM"]
[BlackTitle "GM"]
[WhiteElo "2516"]
[BlackElo "2467"]
[WhiteFideId "14100150"]
[BlackFideId "13401033"]
[EventDate "2015.12.23"]

1. c4 c6 2. Nf3 d5 3. e3 Nf6 4. Nc3 e6 5. b3 Bd6 6. Bb2 Nbd7 7. d4 O-O 8. Bd3 e5
9. cxd5 cxd5 10. dxe5 Nxe5 11. Be2 Nxf3+ 12. Bxf3 Be5 13. O-O Bf5 14. Rc1 Re8
15. Ba1 d4 16. Ne2 dxe3 17. Bxe5 Rxe5 18. Bxb7 Qxd1 19. Rcxd1 Rb8 20. fxe3 Ng4
21. Nd4 Nxe3 22. Rfe1 Rd8 23. Bf3 f6 24. Nc6 Nxd1 25. Nxe5 fxe5 26. Rxd1 Rc8 27.
Bd5+ Kh8 28. Bc4 g6 29. Kf2 Kg7 30. Rd6 Kf8 31. Rf6+ Ke8 32. h3 Rc7 33. g4 Bb1
34. a3 g5 35. Ke3 Bc2 36. Re6+ Re7 37. Ra6 Rb7 38. b4 Rc7 39. Bd5 Ke7 40. Be4
Bb3 41. Bxh7 Bc4 42. Rh6 Bf1 43. Kf2 Bc4 44. Be4 Bf7 45. Ra6 Be8 46. Ke3 Rc3+
47. Kd2 Rc7 48. Rh6 Bf7 49. Rc6 Rxc6 50. Bxc6 Bc4 51. Ke3 Kd6 52. Be4 Bb5 53.
Kf3 Bc4 54. a4 Bf1 55. Kg3 Ke6 56. h4 Kf6 57. h5 Be2 58. h6 Bd1 59. a5 Be2 60.
h7 Kg7 61. Bf5 Bb5 62. Kf3 Bc6+ 63. Ke3 Kh8 64. Kd3 Bd5 65. b5 Kg7 66. Be4 Be6
67. b6 axb6 68. axb6 1-0

[Event "4th Al Ain Chess Classic"]
[Site "Al-Ain UAE"]
[Date "2015.12.27"]
[Round "6.25"]
[White "Arencibia Rodriguez, Walter"]
[Black "Baghdasaryan, Vahe"]
[Result "1-0"]
[WhiteTitle "GM"]
[BlackTitle "IM"]
[WhiteElo "2501"]
[BlackElo "2432"]
[WhiteFideId "3500012"]
[BlackFideId "13303139"]
[EventDate "2015.12.23"]

1. e4 c5 2. c3 Nf6 3. e5 Nd5 4. Nf3 Nc6 5. Bc4 Nb6 6. Bb3 c4 7. Bc2 Qc7 8. O-O
Nxe5 9. Nxe5 Qxe5 10. Re1 Qf6 11. d3 cxd3 12. Qxd3 e6 13. Qg3 Be7 14. Nd2 Qg5
15. Qh3 Qh4 16. Qd3 f5 17. Bb3 O-O 18. a4 a5 19. Nf3 Qh5 20. Bf4 Ra6 21. Nd4 Na8
22. Rad1 Rb6 23. Nb5 Bc5 24. Qc2 d5 25. c4 Bb4 26. cxd5 Bxe1 27. Rxe1 exd5 28.
Bxd5+ Kh8 29. Nd6 Bd7 30. Nf7+ Kg8 31. Nd6+ Kh8 32. Qc5 h6 33. h3 Rb4 34. Be5 b6
35. Bxg7+ Kxg7 36. Qc3+ Kg6 37. f4 Rxf4 38. Re7 Qd1+ 39. Kh2 Qxd5 40. Qg3+ Rg4
41. hxg4 f4 42. Qc3 Bxg4 43. Qg7+ Kh5 44. Re5+ Qxe5 45. Qxe5+ Kg6 46. Ne8 1-0

[Event "4th Al Ain Chess Classic"]
[Site "Al-Ain UAE"]
[Date "2015.12.27"]
[Round "6.26"]
[White "Ankit, R. Rajpara"]
[Black "Sindarov, Javokhir"]
[Result "1-0"]
[WhiteTitle "GM"]
[BlackTitle "CM"]
[WhiteElo "2489"]
[BlackElo "2224"]
[WhiteFideId "5023335"]
[BlackFideId "14205483"]
[EventDate "2015.12.23"]

1. d4 d5 2. c4 dxc4 3. e3 Nf6 4. Bxc4 e6 5. Nf3 c5 6. O-O a6 7. dxc5 Qxd1 8.
Rxd1 Bxc5 9. Be2 b5 10. a4 b4 11. Nbd2 O-O 12. Nb3 Be7 13. Ne5 Bb7 14. f3 Rd8
15. Rxd8+ Bxd8 16. e4 Nbd7 17. Nc4 a5 18. Be3 Ne8 19. Kf2 e5 20. Nc5 Nxc5 21.
Bxc5 Rc8 22. Be3 Ba6 23. Nd2 Bxe2 24. Kxe2 Rc2 25. Kd1 Rc6 26. Rc1 Rxc1+ 27.
Kxc1 Nd6 28. Kc2 f6 29. Kd3 Kf7 30. Nc4 Ke6 31. Nxd6 Kxd6 32. Kc4 Kc6 33. Bc5 g6
34. g4 h5 35. gxh5 gxh5 36. h3 b3 37. Ba3 Kd7 38. Kxb3 Ke6 39. Kc4 f5 40. b4
fxe4 41. fxe4 axb4 42. Bxb4 Kf6 43. a5 Kg5 44. a6 Bb6 45. Bc5 1-0

[Event "4th Al Ain Chess Classic"]
[Site "Al-Ain UAE"]
[Date "2015.12.27"]
[Round "6.27"]
[White "Kulkarni, Bhakti"]
[Black "Anton Guijarro, David"]
[Result "0-1"]
[WhiteTitle "CM"]
[BlackTitle "GM"]
[WhiteElo "2328"]
[BlackElo "2640"]
[WhiteFideId "5019516"]
[BlackFideId "2285525"]
[EventDate "2015.12.23"]

1. d4 Nf6 2. Nf3 b6 3. e3 Bb7 4. Bd3 g6 5. O-O Bg7 6. c4 O-O 7. Nc3 d5 8. Qe2 e6
9. b4 Nbd7 10. Rb1 Re8 11. e4 dxe4 12. Nxe4 a5 13. b5 e5 14. dxe5 Nxe5 15. Nxf6+
Bxf6 16. Nxe5 Bxe5 17. Be3 Qh4 18. h3 Bf4 19. c5 bxc5 20. Bc4 Re5 21. Bxf7+ Kg7
22. Qg4 Rg5 0-1

[Event "4th Al Ain Chess Classic"]
[Site "Al-Ain UAE"]
[Date "2015.12.27"]
[Round "6.28"]
[White "Iordachescu, Viorel"]
[Black "Bashirli, Nail"]
[Result "1-0"]
[WhiteTitle "GM"]
[BlackTitle "FM"]
[WhiteElo "2600"]
[BlackElo "2338"]
[WhiteFideId "13900200"]
[BlackFideId "13406809"]
[EventDate "2015.12.23"]

1. c4 Nf6 2. Nc3 e6 3. e4 d5 4. e5 d4 5. exf6 dxc3 6. bxc3 Qxf6 7. Bd3 Nc6 8.
Be4 Be7 9. d4 e5 10. Nf3 exd4 11. cxd4 Bb4+ 12. Kf1 Bf5 13. Bg5 Qg6 14. Bxc6+
Qxc6 15. Qb3 Bd6 16. Re1+ Kf8 17. c5 h6 18. Bh4 Bf4 19. d5 Qa6+ 20. Kg1 Re8 21.
Rxe8+ Kxe8 22. Bg3 Qf6 23. h3 Bxg3 24. fxg3 Bc8 25. Kh2 Kd8 26. Rd1 Re8 27. d6
b6 28. Qb5 1-0

[Event "4th Al Ain Chess Classic"]
[Site "Al-Ain UAE"]
[Date "2015.12.27"]
[Round "6.29"]
[White "Gadimbayli, Abdulla"]
[Black "Kulaots, Kaido"]
[Result "0-1"]
[WhiteTitle "FM"]
[BlackTitle "GM"]
[WhiteElo "2320"]
[BlackElo "2574"]
[WhiteFideId "13404938"]
[BlackFideId "4500261"]
[EventDate "2015.12.23"]

1. e4 c5 2. Nf3 Nc6 3. Bb5 g6 4. Bxc6 bxc6 5. O-O Bg7 6. Re1 Nh6 7. c3 O-O 8. d4
cxd4 9. cxd4 d5 10. e5 f6 11. exf6 exf6 12. Nbd2 Re8 13. h3 Bf5 14. Nb3 Qb6 15.
Bd2 Nf7 16. Qc1 Nd6 17. Nc5 Rxe1+ 18. Bxe1 Re8 19. Bd2 Qb5 20. b3 Ne4 21. Be3
Bf8 22. Qf1 Nxc5 0-1

[Event "4th Al Ain Chess Classic"]
[Site "Al-Ain UAE"]
[Date "2015.12.27"]
[Round "6.30"]
[White "Riff, Jean-Noel"]
[Black "Kokol, Peter"]
[Result "1-0"]
[WhiteTitle "GM"]
[BlackTitle "FM"]
[WhiteElo "2507"]
[BlackElo "2363"]
[WhiteFideId "611190"]
[BlackFideId "14604523"]
[EventDate "2015.12.23"]

1. e4 c5 2. Nf3 e6 3. d4 cxd4 4. Nxd4 a6 5. Be2 d6 6. O-O g6 7. f4 Bg7 8. c3 Ne7
9. Be3 O-O 10. Nd2 Qc7 11. Qe1 Nbc6 12. Qh4 f5 13. Nxc6 bxc6 14. e5 dxe5 15.
fxe5 Bxe5 16. Bh6 Bf6 17. Qf2 Rd8 18. Rad1 Nd5 19. c4 Nb4 20. Ne4 Be7 21. a3 Nc2
22. Rxd8+ Qxd8 23. Rd1 Qc7 24. Bd3 fxe4 25. Bxc2 e5 26. Bxe4 Be6 27. Qg3 Bf7 28.
Qf3 Rd8 29. Rf1 Bxc4 30. Rc1 Qb6+ 31. Kh1 Bd5 32. Qg4 Qd4 33. Bxd5+ Qxd5 34. h3
Bf8 35. Bg5 Re8 36. Qa4 e4 37. Be3 Qd3 38. Rc3 Qf1+ 39. Bg1 Qb5 40. Qd4 Qd5 41.
Qa4 Bg7 42. Rxc6 Qb5 43. Qc2 e3 44. a4 Qf5 45. Qe2 a5 46. Rc7 Qe5 47. Rb7 Qd5
48. Rb5 Qd2 49. Qc4+ Kh8 50. Rd5 Qe1 51. Rd3 h6 52. Qc6 Rf8 53. Rxe3 Qb1 54. Qd5
h5 55. Qxa5 Rf1 56. Re8+ Kh7 57. Qa7 Qxb2 58. Re7 Ra1 59. Kh2 Ra2 60. Bf2 Kh6
61. Qe3+ Kh7 62. Qd4 Kh8 63. Rxg7 Qxf2 64. Qxf2 Rxf2 65. Rxg6 Kh7 66. Kg3 Ra2
67. Ra6 h4+ 68. Kxh4 Rxg2 69. Rb6 Ra2 70. Rb4 Kg6 71. Kg4 Rg2+ 72. Kf4 Rh2 73.
Kg3 Ra2 74. h4 Ra1 75. Kg4 Rg1+ 76. Kf4 Kh5 77. Ke5 Kg6 78. Kd5 Kf5 79. a5 Ra1
80. Rb5 Rd1+ 81. Kc6+ Ke6 82. a6 Rd6+ 83. Kb7 Rd7+ 84. Kb6 Rd6+ 85. Ka5 Rd1 86.
a7 Kd6 87. Kb6 1-0

[Event "4th Al Ain Chess Classic"]
[Site "Al-Ain UAE"]
[Date "2015.12.27"]
[Round "6.31"]
[White "Yogit, S"]
[Black "Deepan, Chakkravarthy J."]
[Result "0-1"]
[BlackTitle "GM"]
[WhiteElo "2239"]
[BlackElo "2496"]
[WhiteFideId "5009332"]
[BlackFideId "5011132"]
[EventDate "2015.12.23"]

1. e4 c5 2. Nf3 e6 3. d4 cxd4 4. Nxd4 a6 5. Nc3 b5 6. Bd3 Bb7 7. O-O Nc6 8. Nxc6
Bxc6 9. Qe2 Bc5 10. Be3 Bxe3 11. Qxe3 Ne7 12. Qg3 O-O 13. e5 Qc7 14. Rfe1 Ng6
15. Rad1 Rac8 16. Re3 f5 17. exf6 Rxf6 18. Qxc7 Rxc7 19. Ne4 Rf5 20. Rde1 Nf4
21. c3 b4 22. cxb4 Nxd3 0-1

[Event "4th Al Ain Chess Classic"]
[Site "Al-Ain UAE"]
[Date "2015.12.27"]
[Round "6.32"]
[White "Mollah Abdullah, Al Rakib"]
[Black "Arvola, Benjamin"]
[Result "1-0"]
[WhiteTitle "GM"]
[BlackTitle "FM"]
[WhiteElo "2472"]
[BlackElo "2328"]
[WhiteFideId "10200444"]
[BlackFideId "1506536"]
[EventDate "2015.12.23"]

1. d4 Nf6 2. Nf3 e6 3. Bf4 c5 4. e3 Qb6 5. Qc1 cxd4 6. exd4 d5 7. Bd3 Bd6 8. Bg3
Bxg3 9. hxg3 Nc6 10. c3 Bd7 11. Nbd2 Rc8 12. Nb3 Nb4 13. Bb1 h6 14. Qf4 Na6 15.
g4 Ke7 16. Ne5 Ba4 17. Bd3 Bb5 18. Rh3 Bxd3 19. Rxd3 Qb5 20. Rf3 b6 21. Rd1 Nc7
22. Re3 Nce8 23. f3 Nd6 24. Kf2 Nc4 25. Re2 Qa4 26. Ra1 Nxe5 27. Qxe5 a5 28. Nc1
Qc4 29. Qe3 b5 30. a3 b4 31. axb4 axb4 32. Ra4 Ra8 33. Rxb4 Qc7 34. Nd3 Ra1 35.
Qe5 Qc6 36. Qf4 Rha8 37. Ne5 Qc8 38. Rb6 g5 39. Qh2 h5 40. Rc6 Qb7 41. Ng6+ Kd8
42. Rd6+ Kc8 43. Qe5 Ne8 44. Rxd5 hxg4 45. fxg4 R1a6 46. Qxg5 Rd6 47. Rc5+ Nc7
48. Qe7 Raa6 49. Qe8+ Rd8 50. Ne7+ 1-0

[Event "4th Al Ain Chess Classic"]
[Site "Al-Ain UAE"]
[Date "2015.12.27"]
[Round "6.33"]
[White "Petrosyan, Tigran S."]
[Black "Asadli, Vugar"]
[Result "1-0"]
[WhiteTitle "IM"]
[BlackTitle "FM"]
[WhiteElo "2469"]
[BlackElo "2323"]
[WhiteFideId "13303678"]
[BlackFideId "13405764"]
[EventDate "2015.12.23"]

1. Nf3 g6 2. c4 Bg7 3. d4 d6 4. g3 Nd7 5. Bg2 e5 6. Nc3 Ne7 7. O-O O-O 8. e4
exd4 9. Nxd4 Nc6 10. Nde2 a5 11. h3 Nc5 12. Be3 Be6 13. b3 a4 14. Rb1 axb3 15.
axb3 f5 16. Bxc5 dxc5 17. Nf4 Bf7 18. Qxd8 Rfxd8 19. Nb5 Rd7 20. exf5 gxf5 21.
Nd5 Ra2 22. Ndxc7 Rdd2 23. Rbd1 Nd4 24. Rxd2 Rxd2 25. Nxd4 cxd4 26. Bxb7 d3 27.
Nd5 Bxd5 28. Bxd5+ Kf8 29. Be6 Rb2 30. Bxf5 d2 31. Rd1 h6 32. c5 Ke7 33. c6 Kd6
34. Be4 Bc3 35. Kf1 Rxb3 36. Ke2 Ba5 37. Ra1 Rb5 38. Ra3 Ke5 39. Bg2 Rc5 40. f4+
Ke6 41. Re3+ Kf6 42. Rd3 Rc1 43. Rd6+ Ke7 44. Rd7+ Ke8 45. Bf3 Rg1 46. f5 Rxg3
47. Bh5+ Kf8 48. c7 Bxc7 49. Rxc7 Rxh3 50. Bg6 Rd3 51. Kd1 Rd6 52. Rh7 1-0

[Event "4th Al Ain Chess Classic"]
[Site "Al-Ain UAE"]
[Date "2015.12.27"]
[Round "6.34"]
[White "Azaladze, Shota"]
[Black "Nitish, Belurkar"]
[Result "1/2-1/2"]
[WhiteTitle "IM"]
[BlackTitle "CM"]
[WhiteElo "2468"]
[BlackElo "2304"]
[WhiteFideId "13603027"]
[BlackFideId "5084768"]
[EventDate "2015.12.23"]

1. Nf3 Nf6 2. g3 d5 3. Bg2 c6 4. O-O Bg4 5. d3 Nbd7 6. Nbd2 e5 7. e4 dxe4 8.
dxe4 Bc5 9. h3 Bh5 10. Qe1 O-O 11. a4 a5 12. Nc4 Re8 13. Bd2 b6 14. Nh4 Bg6 15.
Nxg6 hxg6 16. Qe2 Qc7 17. Rfd1 Nf8 18. Bc3 b5 19. Ne3 Bxe3 20. Qxe3 b4 21. Be1
Ne6 22. Bf1 Nd4 23. Rac1 Rad8 24. c3 Nc2 25. Qe2 Nxe1 26. Rxe1 Qb6 27. Qe3 Qxe3
28. Rxe3 b3 29. Bc4 Rd2 30. Bxb3 Rxb2 1/2-1/2

[Event "4th Al Ain Chess Classic"]
[Site "Al-Ain UAE"]
[Date "2015.12.27"]
[Round "6.35"]
[White "Hossain, Enamul"]
[Black "Iniyan, P"]
[Result "1/2-1/2"]
[WhiteTitle "GM"]
[WhiteElo "2450"]
[BlackElo "2275"]
[WhiteFideId "10200649"]
[BlackFideId "25002767"]
[EventDate "2015.12.23"]

1. e4 c5 2. Nf3 d6 3. g3 Nf6 4. d3 g6 5. Bg2 Bg7 6. O-O O-O 7. Re1 Nc6 8. c3 e5
9. a3 b6 10. b4 Qc7 11. Nbd2 h6 12. Bb2 Bb7 13. Rc1 Qd7 14. Nc4 b5 15. Ne3 cxb4
16. axb4 h5 17. Ra1 Ng4 18. Nd5 Ne7 19. Nxe7+ Qxe7 20. Qb3 Kh8 21. h3 Nf6 22.
Bc1 Nd7 23. Be3 a6 24. Rac1 Rac8 25. Kh2 f6 26. Nh4 Kh7 27. Qd1 Ba8 28. Rg1 Rf7
29. Qe2 Nf8 30. Bf3 d5 31. Bc5 Rxc5 32. bxc5 Qxc5 33. Ra1 Ra7 34. d4 Qxc3 35.
Rac1 Qxd4 36. Rgd1 Qb6 37. exd5 Qd6 38. Rc8 Bb7 39. Qe3 Bxc8 40. Qxa7 f5 41. Rc1
Bd7 42. Rc6 Bxc6 43. dxc6 Ne6 44. Qf7 Ng5 45. Qe8 Qe6 46. Qd8 Nxf3+ 47. Nxf3
Qxc6 48. Ng5+ Kh6 49. Nf7+ Kh7 50. Ng5+ Kh6 51. h4 Qc5 52. Nf7+ Kh7 53. Ng5+ Kh6
54. Nf7+ 1/2-1/2

[Event "4th Al Ain Chess Classic"]
[Site "Al-Ain UAE"]
[Date "2015.12.27"]
[Round "6.36"]
[White "Hakobyan, Hovhannes H."]
[Black "Harutyunian, Tigran K."]
[Result "0-1"]
[BlackTitle "IM"]
[WhiteElo "2112"]
[BlackElo "2448"]
[WhiteFideId "13306308"]
[BlackFideId "13303635"]
[EventDate "2015.12.23"]

1. e4 e5 2. Nf3 d6 3. d4 exd4 4. Nxd4 Nf6 5. Nc3 g6 6. Be3 Bg7 7. Qd2 O-O 8.
O-O-O Re8 9. f3 a6 10. g4 b5 11. g5 Nh5 12. Nd5 Bb7 13. Bg2 Nd7 14. Rhe1 Ne5 15.
b3 c6 16. Nf4 Nxf4 17. Bxf4 a5 18. Kb1 a4 19. Be3 c5 20. Nxb5 axb3 21. cxb3 Ba6
22. f4 Bxb5 23. fxe5 Bxe5 24. Bf4 c4 25. Bxe5 Rxe5 26. Qb2 cxb3 27. axb3 Qa5 28.
h4 Bd3+ 0-1

[Event "4th Al Ain Chess Classic"]
[Site "Al-Ain UAE"]
[Date "2015.12.27"]
[Round "6.37"]
[White "Labib, Ibrahim Hasan"]
[Black "Abdulla, Khayala"]
[Result "1-0"]
[WhiteTitle "IM"]
[BlackTitle "WGM"]
[WhiteElo "2434"]
[BlackElo "2256"]
[WhiteFideId "10600426"]
[BlackFideId "13401807"]
[EventDate "2015.12.23"]

1. Nf3 Nf6 2. c4 e6 3. Nc3 c5 4. e3 a6 5. d4 cxd4 6. exd4 d5 7. Bg5 dxc4 8. Bxc4
Be7 9. O-O b5 10. Bb3 Bb7 11. Qe2 O-O 12. Rad1 b4 13. d5 bxc3 14. dxe6 Qc7 15.
Ne5 fxe6 16. Bxe6+ Kh8 17. Rd3 Nh5 18. Rxc3 Qd6 19. Nf7+ Rxf7 20. Bxf7 Nf6 21.
Rd1 Qb4 22. Rc4 Qb5 23. Qxe7 Nc6 24. Qxf6 1-0

[Event "4th Al Ain Chess Classic"]
[Site "Al-Ain UAE"]
[Date "2015.12.27"]
[Round "6.38"]
[White "Ashwath, R."]
[Black "Omar, Noaman"]
[Result "0-1"]
[BlackTitle "IM"]
[WhiteElo "2252"]
[BlackElo "2403"]
[WhiteFideId "5021049"]
[BlackFideId "9300244"]
[EventDate "2015.12.23"]

1. d4 c5 2. e3 d5 3. Nf3 Nf6 4. Nbd2 cxd4 5. exd4 g6 6. Ne5 Bg7 7. h4 Nc6 8.
Ndf3 Bf5 9. Nxc6 bxc6 10. Ne5 Nd7 11. g4 Bxe5 12. gxf5 Bf6 13. Bh3 gxf5 14. Bxf5
e6 15. Bh3 Qe7 16. c3 c5 17. dxc5 Nxc5 18. Be3 Rb8 19. Rb1 Ne4 20. Qa4+ Qd7 21.
Qxd7+ Kxd7 22. O-O Bxh4 23. c4 dxc4 24. Rfd1+ Nd6 25. Bxa7 0-1